000 01606nam a2200385 c 4500
999 _c175399
_d175399
003 BLK
005 20250719164748.0
008 180411b bul|||||r ||||||| ||bul||
010 _aKNG00183948000
020 _a9786191860913
040 _aBLK
041 _aBUL
_cBUL
072 7 _2bullib
_aН8400
_xБългарска поезия Н
080 _aБългарска литература
_b821.163.2
_x-1
_z821.163.2-1
100 1 _aГосподинов, Георги
_eпърви автор
_gГеоргиев, Георги Господинов
_9364800
139 _aГосподинов, Георги
_bГ 70
245 1 0 _aЧерешата на един народ
_cГеорги Господинов; * Георги Господинов Георгиевм худож. Яна Левиева.
250 _a4. изд.
257 _aBGR
260 _bЖанет 45
_c2014
300 _a71 с.
_c22 см
380 _aX
500 _a1. изд. 1996 изд. на Свободно поет. о-во. - Пълното име на авт. е Георги Господинов Георгиев. - Съдържа и за авт.
653 _aстихотворения
659 _aН
700 1 _aГеоргиев, Георги Господинов
_e*
_9299747
700 _aЛевиева, Яна Милчева
_eхудож.
_9280309
852 _aЦб 277604
856 4 _qpdf
856 4 _qpdf
942 _cKNG
_n0
_010
_s1
944 _aCR
_c21.10.2015
_lНора Радева
_k30545
944 _aED
_c02.02.2016
_lф /
_kЛюдмила_Стоянова
999 _d175399